000 00728nam a2200265Ia 4500
008 180523s9999 xx 000 0 und d
020 _a978-981-0697-19-8
050 _aMAIN TX 911.2
050 _b.F46 2008
100 _aFenich, George G.
245 0 _aMeetings, expositions, events and conventions :
245 3 _ban introductory to the industry /
245 0 _cGeorge G. Fenich.
250 _a2nd Edition
260 _aSingapore :
260 _bPearson Education South Asia,
260 _c2008
300 _a532 pages :
300 _billustrations ;
300 _c23 cm.
500 _aIncludes index.
650 _aHospitality industry.
650 _aMeetings.
650 _xCongresses and conventions.
999 _c357742
_d357742